Normal view MARC view

Entry Personal Name

Number of records used in: 1

001 - CONTROL NUMBER

  • control field: 3995

003 - CONTROL NUMBER IDENTIFIER

  • control field: OSt

005 - DATE AND TIME OF LATEST TRANSACTION

  • control field: 20170911095553.0

008 - FIXED-LENGTH DATA ELEMENTS

  • fixed length control field: 170911|| aca||aabn | a|a d

040 ## - CATALOGING SOURCE

  • Original cataloging agency: OSt
  • Transcribing agency: OSt

100 ## - HEADING--PERSONAL NAME

  • Personal name:
  • Numeration: Fortune

670 ## - SOURCE DATA FOUND

  • Source citation: Work cat.: (OSt): Fortune, Children`s illustrated A-Z Encyclopedia (M-O), 2006

Powered by Koha